| 000 | 00813nam a2200253 a 4500 | ||
|---|---|---|---|
| 001 | 000010714 | ||
| 003 | DO-SdBNP | ||
| 005 | 20251120073732.0 | ||
| 007 | ta | ||
| 008 | 091009s1984 dr 000 0 spa d | ||
| 040 |
_aDO-SdBNP _bspa _cBNPHU |
||
| 082 | 4 |
_a511.3 _bS129n, 1984 _222 |
|
| 100 | 1 |
_aSagredo, Amarilis _925915 |
|
| 245 | 1 | 0 |
_aNociones de lógica simbólica / _cAmarilis Sagredo, Eduardo Luna. |
| 250 | _a4a ed. | ||
| 260 |
_aSanto Domingo : _bUCMM, _c1984. |
||
| 300 |
_a104 p. ; _c24 cm. |
||
| 590 | _aInventariado, 2021/BT | ||
| 650 | 4 |
_aLógica simbólica y matemática _xProblemas, ejercicios, etc. _925916 |
|
| 700 | 1 |
_aLuna, Eduardo _925917 |
|
| 710 | 2 |
_aPontificia Universidad Católica Madre y Maestra _9843 |
|
| 910 | _aBtavárez/Validado. Control de calidad MFF | ||
| 942 |
_2ddc _cLBS1 |
||
| 999 |
_c10469 _d10469 |
||